Extent of income inequality and poverty in the tribal areas of Himachal Pradesh (Record no. 15909)

000 -LEADER
fixed length control field 00472pab a2200169 454500
008 - FIXED-LENGTH DATA ELEMENTS--GENERAL INFORMATION
fixed length control field 180718b1988 xxu||||| |||| 00| 0 eng d
100 ## - MAIN ENTRY--PERSONAL NAME
Personal name Sharma, H.R.
245 ## - TITLE STATEMENT
Title Extent of income inequality and poverty in the tribal areas of Himachal Pradesh
260 ## - PUBLICATION, DISTRIBUTION, ETC.
Date of publication, distribution, etc. 1988
300 ## - PHYSICAL DESCRIPTION
Extent 323-32
362 ## - DATES OF PUBLICATION AND/OR SEQUENTIAL DESIGNATION
Dates of publication and/or sequential designation May
650 ## - SUBJECT ADDED ENTRY--TOPICAL TERM
Topical term or geographic name entry element Poverty - India - Himachal Pradesh
700 ## - ADDED ENTRY--PERSONAL NAME
Personal name Kamlesh Singh
700 ## - ADDED ENTRY--PERSONAL NAME
Personal name T.V. Moorti
773 ## - HOST ITEM ENTRY
Main entry heading Journal of Rural Development
909 ## -
-- 15909
Holdings
Withdrawn status Lost status Damaged status Not for loan Permanent Location Current Location Date acquired Serial Enumeration / chronology Barcode Date last seen Price effective from Koha item type
        Indian Institute of Public Administration Indian Institute of Public Administration 2018-07-19 Volume no: 7, Issue no: 3 AR15966 2018-07-19 2018-07-19 Articles

Powered by Koha